| 000 | 00401 a2200157 4500 | ||
|---|---|---|---|
| 003 | Nust | ||
| 005 | 20170207171856.0 | ||
| 040 | _cNust | ||
| 082 | _a005.1 | ||
| 100 | _aMaqbool, Afifa BESE-18 | ||
| 245 |
_aSecure Android (Hard / Soft-copy) _cAfifa Maqbool, Maryam Khan, Shahid Nazir |
||
| 260 |
_aMCS, NUST _bRawalpindi _cMay 2016 |
||
| 300 | _axiv, 94 p | ||
| 650 | _aUG Projects | ||
| 651 | _aUG CSE Project | ||
| 942 | _cPRG | ||
| 999 |
_c219402 _d219402 |
||